| 000 | 00543nam a2200193Ia 4500 | ||
|---|---|---|---|
| 001 | 59418 | ||
| 005 | 20260430110417.0 | ||
| 008 | 140520s9999 xx 000 0 und d | ||
| 020 | _aNA | ||
| 040 | _cPK-LaUMT | ||
| 082 |
_a279.71227 _bTAR- |
||
| 100 | 1 |
_aMaududi, Syed Abul Ala _911418 |
|
| 245 |
_aTarjamah Quran-e-Majeed ma mukhtasar hawashi (AR+UR) / _cSyed Abul Ala Maududi |
||
| 260 |
_aLahore,Pakistan: _bIdara-e-Tarjmanul Quran, _c2004 |
||
| 300 | _a1180 p. | ||
| 546 | _aUR | ||
| 650 |
_aTranslation-Holy Quran _98398 |
||
| 942 | _cBK | ||
| 999 |
_c56746 _d56746 |
||